| 000 | 01589nam a22002897a 4500 | ||
|---|---|---|---|
| 008 | 130821s2005 gr ab gr eng | ||
| 020 | _a0896802450 | ||
| 040 |
_aCo-BoUCM _bspa |
||
| 041 | 0 | 0 | _aeng |
| 100 | 1 |
_aTalentino, Andrea Kathryn. _9171547 |
|
| 245 | 1 | 0 |
_aMilitary intervention after the Cold War the evolution of theory and practice _cAndrea Kathryn Talentino. |
| 260 |
_aAtenas (Grecia) _bOhio University Press _cc2005 |
||
| 300 |
_axvi, 364 páginas _bmapas |
||
| 490 | 1 |
_aOhio University research in international studies, Global and comparative studies series _vno. 4 |
|
| 504 | _aIncluye referencias bibliográficas e índice. | ||
| 505 | 0 | _aIntervention reconsidered -- Theoretical foundations -- Lessons in failure : intervention in Somalia -- One step forward? : intervention in Haiti -- The ongoing struggle : intervention in Bosnia -- ECOWAS, the UN, and Sierra Leone -- Pushing the envelope in Kosovo. | |
| 650 | 0 | 4 |
_aCiencia política _9340 |
| 650 | 0 | 4 |
_aGuerra (Derecho internacional) _916574 |
| 650 | 0 | 4 |
_aGuerra Fría _916622 |
| 650 | 0 | 4 |
_aIntervención (Derecho internacional) _vEstudio de casos _9152619 |
| 830 | 0 |
_aResearch in international studies. _pGlobal and comparative studies series _vno. 4. _9171548 |
|
| 856 | 4 | 1 |
_3Contenido _uhttp://www.loc.gov/catdir/toc/ecip0518/2005025342.html |
| 856 | 4 | 2 |
_3 _uhttp://www.loc.gov/catdir/enhancements/fy0623/2005025342-b.html |
| 856 | 4 | 2 |
_3Publicador _uhttp://www.loc.gov/catdir/enhancements/fy0623/2005025342-d.html |
| 942 |
_cLIBRO _a6 _e1 _mT143m _2DEWEY _h327.117 |
||
| 999 |
_c90832 _d90832 |
||